Projekty a programy pre zvýšenie efektívnosti verejnej správy a prístupnosti služieb e-governmentu občanom v SR

Prehľad a charakteristika vybraných projektov a programov pre zvýšenie efektívnosti verejnej správy a prístupnosti služieb e-governmentu občanom v SR. Prijatie nového zákona o e-govermente v SR, zriaďovanie integrovaných obslužných miest (IOM) a reforma verejnej správy.

Gespeichert in:
Bibliographische Detailangaben
1. Verfasser: Ondrejková, Anna
Format: Buchkapitel
Sprache:Slowakisch
Schlagworte:
Tags: Tag hinzufügen
Keine Tags, Fügen Sie das erste Tag hinzu!

MARC

LEADER 00000nla a2200000 4500
001 0180583
005 20240502073100.1
041 0 |a slo 
044 |a SK 
245 1 0 |a Projekty a programy pre zvýšenie efektívnosti verejnej správy a prístupnosti služieb e-governmentu občanom v SR  |c Anna Ondrejková 
520 |a Prehľad a charakteristika vybraných projektov a programov pre zvýšenie efektívnosti verejnej správy a prístupnosti služieb e-governmentu občanom v SR. Prijatie nového zákona o e-govermente v SR, zriaďovanie integrovaných obslužných miest (IOM) a reforma verejnej správy. 
610 2 0 |a správa verejná elektronická 
610 2 0 |a informatizácia 
610 2 0 |a služby elektronické 
610 2 0 |a technológie informačné 
610 2 0 |a internet 
100 1 |a Ondrejková, Anna